Losowe, sekwencyjne województwa Polski - Statystyki

Ogólne statystyki
  • Ten quiz został rozwiązany 28 razy
  • Średni wynik to 15 z 16
Odpowiedzi na mapie
Odpowiedzi zakodowano w zielono-czerwonej skali na mapie do tego quizu, zgodnie z poniższymi procentami.
 
Statystyki odpowiedzi
Województwa % Poprawnych
Warmińsko - mazurskie
100%
Łódzkie
96%
Małopolskie
96%
Mazowieckie
96%
Podkarpackie
96%
Świętokrzyskie
96%
Dolnośląskie
92%
Kujawsko - pomorskie
92%
Lubelskie
92%
Lubuskie
92%
Opolskie
92%
Podlaskie
92%
Śląskie
92%
Wielkopolskie
92%
Zachodniopomorskie
92%
Pomorskie
88%
Nie znaleziono quizów pasujących do podanych kryteriów
Rozkład punktacji
Procent ludzi z każdym wynikiem
Percentyl według liczby udzielonych odpowiedzi
Twoja historia wyników
Nie rozwiązałeś tego quizu